000 00638nam a2200253Ia 4500
005 20260121155439.0
008 008 260114s9999 xx 000 0 eng d
020 _a9780429488306
037 _aEBOOK
040 _aCRL
040 _beng
040 _cCRL
041 _2eng
041 _aeng
084 _qCRL
100 _a David DeMatteo; Jaymes Fairfax-Columbo; Alisha Desai
_91019599
245 0 _aBecoming a Forensic Psychologist
260 _bTaylor and Francis
260 _c2020
856 _uhttp://www.taylorfrancis.com/books/9780429488306
942 _cEBOOK
999 _c1586418
_d1586418